| 000 | 00503nam a2200193 a 4500 | ||
|---|---|---|---|
| 001 | 1771666394746 | ||
| 003 | YourLibrary | ||
| 005 | 20260221150456.0 | ||
| 008 | 260221s2008##################000#0#eng## | ||
| 020 | _a9781429217569 | ||
| 082 | 0 | 4 |
_a338.5 _bKEL |
| 100 | 1 |
_aKrugman, Paul, _eauthor. |
|
| 245 | 1 | 0 | _aStudy Guide for Microeconomics : |
| 260 |
_bMacmillan, _c2008. |
||
| 300 | _a676 pages | ||
| 650 | 0 | _aBusiness & Economics. | |
| 942 | _cENGLISH | ||
| 040 |
_aYourLibrary _beng _cYourLibrary |
||
| 999 |
_c615345 _d615345 |
||